000 00557nam a2200241Ia 4500
003 OSt
005 20220912152250.0
006 a|||||r|||| 00| 0
007 ta
008 220909b |||||||| |||| 00| 0 eng d
024 _a55211
037 _cTextual
040 _aCSL
_beng
_cCSL
041 _aeng
082 _aL:572, K9
100 _aRathbone Josephine L
245 0 _aRelaxation
260 _c1969
300 _ap.
_ccm.
650 _aMedicine
942 _hL:572, K9
_cTEXL
_2CC
999 _c83276
_d83276